Pojďte s námi programovat C#

Praktické aplikácie. 1. program: ekonomická aplikácia pre stanovenie kritického bodu rentability. 2. program: simulácie detekcie kolízií medzi objektami. Komentáre k programom.

Uložené v:
Podrobná bibliografia
Hlavný autor: Hanák, Ján
Médium: Kapitola
Jazyk:Czech
Predmet:
Tagy: Pridať tag
Žiadne tagy, Buďte prvý, kto otaguje tento záznam!

MARC

LEADER 00000naa$a2200000$$$4500
001 0076972
005 20250626123911.0
041 0 |a cze 
044 |a CZ 
245 1 0 |a Pojďte s námi programovat C#  |c Ján Hanák 
520 |a Praktické aplikácie. 1. program: ekonomická aplikácia pre stanovenie kritického bodu rentability. 2. program: simulácie detekcie kolízií medzi objektami. Komentáre k programom. 
610 2 0 |a jazyky programovacie 
610 2 0 |a kurzy 
610 2 0 |a programovanie 
610 2 0 |a programy počítačové 
610 2 0 |a rentabilita 
610 2 0 |a simulácia 
100 1 |a Hanák, Ján